| 000 | 00369nam a22001337a 4500 | ||
|---|---|---|---|
| 005 | 20240705112829.0 | ||
| 008 | 240705b |||||||| |||| 00| 0 eng d | ||
| 041 | _aeng | ||
| 100 |
_aPRANNATH PANKAJ _98432 |
||
| 245 | _aMULYAPARAK SHIKSHA KI AAWODHARNA EWAM SHIKSHAKON KA PARIKSHAN | ||
| 260 |
_aNEW DELHI _bSHIKSHA SANSKRITI UTTHAN NYAS |
||
| 300 | _a32;P | ||
| 942 | _cBK | ||
| 999 |
_c8526 _d8524 |
||